书目信息 |
| 题名: |
最初三分钟
|
|
| 作者: | 温伯格 著 ;王丽 译 | |
| 分册: | ||
| 出版信息: | 重庆 重庆大学出版社 2015 |
|
| 页数: | 242页 | |
| 开本: | 24cm | |
| 丛书名: | 微百科 | |
| 单 册: | ||
| 中图分类: | P159.3 | |
| 科图分类: | ||
| 主题词: | 宇宙--起源--研究 | |
| 电子资源: | ||
| ISBN: | 978-7-5624-8959-7 | |
| 000 | 01231oam2 2200289 450 | |
| 001 | 5760 | |
| 005 | 20180530161551.29 | |
| 010 | @a978-7-5624-8959-7@dCNY36.00 | |
| 100 | @a20151126d2015 em y0chiy50 ea | |
| 101 | 1 | @achi@ceng |
| 102 | @aCN@b500000 | |
| 105 | @ay z 000yy | |
| 200 | 1 | @a最初三分钟@9zui chu san fen zhong@e关于宇宙起源的现代观点@dThe first three minutes@e[a modern view of the origin of the universe]@f(美)史蒂文·温伯格(Steven Weinberg)著@g王丽译@zeng |
| 205 | @a2版 | |
| 210 | @a重庆@c重庆大学出版社@d2015 | |
| 215 | @a242页@d24cm | |
| 225 | 2 | @a微百科 |
| 330 | @a宇宙在最初0.01秒、1秒、1分钟或最初一年,是什么样子?早期宇宙在某时刻的温度、密度和化学成分如何?《最初三分钟》将揭秘宇宙爆炸的形态,详细描述了一幅完全令人信服的宇宙起源图,包括在大爆炸之后仅仅数秒或几分钟内出现的详细过程。 | |
| 461 | 0 | @12001 @a微百科 |
| 510 | 1 | @aFirst three minutes@ea modern view of the origin of the universe@zeng |
| 517 | 1 | @a关于宇宙起源的现代观点@9guan yu yu zhou qi yuan de xian dai guan dian |
| 606 | 0 | @a宇宙@x起源@x研究 |
| 690 | @aP159.3@v5 | |
| 701 | 1 | @c(美)@a温伯格@9wen bo ge@gWeinberg, Steven@4著 |
| 702 | 0 | @a王丽@9wang li@4译 |
| 801 | 0 | @aCN@b91MARC@c20151126 |
| 905 | @aMuseLib@dP159.3@e224=2 | |
| 最初三分钟:关于宇宙起源的现代观点=The first three minutes:[a modern view of the origin of the universe]/(美)史蒂文·温伯格(Steven Weinberg)著/王丽译.-2版.-重庆:重庆大学出版社,2015 |
| 242页;24cm.-(微百科) |
| ISBN 978-7-5624-8959-7:CNY36.00 |
| 宇宙在最初0.01秒、1秒、1分钟或最初一年,是什么样子?早期宇宙在某时刻的温度、密度和化学成分如何?《最初三分钟》将揭秘宇宙爆炸的形态,详细描述了一幅完全令人信服的宇宙起源图,包括在大爆炸之后仅仅数秒或几分钟内出现的详细过程。 |
| ● |
| 相关链接 |
|
|
|
|
正题名:最初三分钟
索取号:P159.3/224=2
 
预约/预借
| 序号 | 登录号 | 条形码 | 馆藏地/架位号 | 状态 | 备注 |
| 1 | 1114798 | 211147980 | 第二样本阅览室/ [索取号:P159.3/224=2] | 在馆 | |
| 2 | 1114799 | 211147999 | 教育系资料室/ [索取号:P159.3/224=2] | 在馆 | |
| 3 | 1114800 | 211148006 | 教育系资料室/ [索取号:P159.3/224=2] | 在馆 | |
| 4 | 1114801 | 211148015 | 教育系资料室/ [索取号:P159.3/224=2] | 在馆 | |
| 5 | 1114802 | 211148024 | 第三借阅区/ [索取号:P159.3/224=2] | 在馆 | |
| 6 | 1114803 | 211148033 | 第三借阅区/ [索取号:P159.3/224=2] | 在馆 |